Länder, die an Bulgarien grenzen - Statistiken

Allgemein
  • Dieses Quiz wurde 118 mal gespielt
  • Das Durchschnittsergebnis liegt bei 4 aus 5
Antwortstatistiken
Länge (km) Land % Korrekt
605 Rumänien
99%
475 Griechenland
91%
318 Serbien
86%
270 Türkei
80%
148 Nordmazedonien
69%
Keine übereinstimmenden Quizze gefunden
Verteilung der Resultate
Anzahl Personen mit jedem Resultat
Perzentil nach korrekt beantworteten Fragen
Ihre Resultats-Entwicklung
Sie haben dieses Quiz noch nicht gespielt